| 000 | 00433nam a2200121Ia 4500 | ||
|---|---|---|---|
| 008 | 160809s9999 xx 000 0 und d | ||
| 100 | _aKanaga, Nagasimha Balakrishna. | ||
| 245 | 3 | _aAn essay on the realm of performance control in marketing strategy | |
| 245 | _cNagasimha Balakrishna Kanaga. | ||
| 260 | _bJournal of Management and Marketing Research | ||
| 650 | _xMARKETING | ||
| 856 | _uhttp://www.aabri.com/manuscripts/152352.pdf | ||
| 999 |
_c300143 _d300143 |
||